Životospráva /

Hlavní autor: Procházka, Milan
Jazyk: Čeština
Vydáno: Brno : Středisko volného času Lužánky ve spolupráci s nakl. Pavel Křepela, 2007
Témata:
Fyzický popis: 67 s. ; 17 cm
Knihy
Uloženo v:
LEADER 01380nam a2200385 a 4500
001 nkc20071750940
003 CZ PrNK
005 20071123135247.0
007 ta
008 070910s2007 xr e f 000 0 cze
015 |a cnb001750940 
020 |a 978-80-86669-05-2  |q (Pavel Křepela ;  |q brož.)  |z 80-86669-05-X 
035 |a (OCoLC)190421323 
040 |a OLA001  |b cze  |d ABA001 
072 7 |a 613  |x Hygiena. Lidské zdraví  |2 Konspekt  |9 14 
080 |a 613  |2 MRF 
080 |a (035)  |2 MRF 
100 1 |a Procházka, Milan  |7 ola2007404853  |4 aut 
245 1 0 |a Životospráva /  |c Milan Procházka 
260 |a Brno :  |b Středisko volného času Lužánky ve spolupráci s nakl. Pavel Křepela,  |c 2007 
300 |a 67 s. ;  |c 17 cm 
504 |a Obsahuje bibliografii 
650 0 7 |a zdravý životní styl  |7 ph127592  |2 czenas 
650 0 7 |a životospráva  |7 ph128035  |2 czenas 
650 0 9 |a healthy lifestyle  |2 eczenas 
650 0 9 |a health behavior  |2 eczenas 
655 7 |a příručky  |7 fd133209  |2 czenas 
655 9 |a handbooks and manuals  |2 eczenas 
910 2 |a BOA001  |b 1-1192.557 
928 9 |a Pavel Křepela 
990 |a BK 
995 |a 01 
991 |b 200710  |c NOV 
996 6 |b 2610321632  |c 1-1192.557  |l MZK  |r Sklad / do 1 hodiny  |n 7  |p p.v.  |w 000868137  |u 000010  |a 1  |e BOA001  |j MZK50  |s P 
996 7 |b 2610321633  |c 1-1192.557  |l MZK  |r Sklad / do 1 hodiny  |n 15  |p p.v.  |w 000868137  |u 000020  |a 1  |e BOA001  |j MZK50  |s A